| 000 | 00520nam a2200193 a 4500 | ||
|---|---|---|---|
| 005 | 20140310183510.0 | ||
| 008 | 101020s19uu xx 00 eng d | ||
| 020 | _a9780230203273 | ||
| 050 |
_aPN 2039 _b.R53 2009 |
||
| 100 | _aRidout, Nicholas | ||
| 245 |
_aTheatre & ethics / _cNicholas Ridout. |
||
| 260 |
_aEngland : _bPalgrave Macmillan, _c2009. |
||
| 300 |
_a76 p. : _c20 cm. |
||
| 521 | _aMC | ||
| 650 |
_aTheatre _xPhilosophy. |
||
| 650 | _aTheatre and society. | ||
| 942 |
_cBK _2lcc _kFOR |
||
| 999 |
_c24152 _d24152 |
||